000 00793nam a2200253 i 4500
001 bg
100 1 _aMIECZYŃSKI, Mieczysław
_d(1929- )
245 1 0 _aIstota symetrii termodynamiki klasycznej i współczesnej /
_cMieczysław Mieczyński.
260 _aWrocław :
_bOficyna Wydaw. Politechniki Wrocławskiej,
_c2002.
300 _a203 s. :
_bil. ;
_c24 cm.
500 _aTyt. grzbiet.: Istota symetrii termodynamiki.
504 _aBibliogr.
650 9 _aLogika matematyczna
_xstosowanie
_xfizyka
650 9 _aSymetria
650 9 _aTermodynamika
655 _aPodręczniki akademickie
020 _a8370856284
040 _cBPK
041 0 _apol
080 _a536.7:510.6:519.86](075.8)
920 _a83-7085-628-4
942 _cKS
008 s pl f |000 0 pol
999 _c42470
_d42470
856 _uhttp://koha.tu.koszalin.pl/cgi-bin/koha/opac-detail.pl?biblionumber=42470
_yKatalog online BPK